000 01066nam a2200277Ia 4500
001 Para_2389
003 CHAP
008 220125s1989 xx 000 0 und d
010 _a200923
040 _cCHAP
090 _aPA TESIS 510
100 _aFrausto Cisneros, José Luis
_943074
245 _aPrueba de micorrización de durazno Prunus pérsica (CL) Batsch, y café Coffea arábica (L) var. caturra, en vivero /
_c por José Luis Frausto Cisneros y Blanca Nieves Lara Chávez
260 _aUruapan, Mich. :
_b El autor
300 _a99 h.
502 _aTesis (Ing. Agr. Esp. en Parasitología Agrícola) -- Univ. Michoacana San Nicolás de Hidalgo. Facultad de Agrobiología
650 _aDurazno
_x Fisiología y morfología Café
_x Fisiología y morfología Micorriza Plantas
_x Nutrición
_9165757
700 _aLara Chávez, Blanca Nieves
_964833
901 _aPA TESIS 510
902 _aA
905 _a0000001989 URU 0000000000 00
910 _a1989
942 _cPARA
942 _cPARA
_d1
999 _c200923
_d200923